000 00209 a2200097 4500
001 42182
100 _aPar
245 _aEncyclopedia of World's Com. Aircraft
260 _a
_bHamlyn
_c
090 _c26171
_d26171
942 _aNUST-CAE
_cM
_c17971
999 _c277255
_d277255